000 00899nam a2200217 a 4500
001 BRCA_2654
005 20190320203917.0
008 011208s1826----mx-a---###---#000-0#spa-#
050 4 _aF1219.1
_b.B68 1826
100 1 _aBoutorini, Benaducci Lorenzo
_d1702-1750
_97538
245 1 0 _aTezcoco en los ultimos tiempos de sus antiguos reyes, ó sea relación tomada de los manuscritos inéditos de Boturini
_credactados por el lic. d. Mariano ; publicadas con notas y adiciones para estudio de la juventud mexicana, Carlos Maria de Bustamante.
260 _aMéxico
_bImp. de M.
_c1826
300 _a276 p.
_bil.
_c21 cm.
500 _aB75
651 4 _aMéxico
_xHistoria
_9614
651 4 _aTexcoco
_xHistoria
_zMéxico (Estado)
_97539
700 1 _aBustamante, Carlos María de
_d1774-1848
_9555
700 1 _aVeytia, Mariano Fernandez de Echeverria y
_d1718-1779
_97540
902 _aGFM
942 _2lcc
_cB
999 _c2394
_d2394